LDR 00726naa#a2200181#i#450# 001 EN\\bibl\118027 005 20260428150808.2 011 ## _a3033-8239 100 ## _a20260401b2026####ek#y0engy0150####ca 102 ## _aRU 200 1# _aPROCESSING OF SIMULATION RESULTS OF COMPUTER ATTACKS ON THE OBJECT OF PROTECTION USING MACHINE LEARNING METHODS _eJournal article 210 1# _aArmavir _cAutonomous Non-Commercial Organization Research Institute "Digital Philosophy - Digital Intelligence" _d2026 215 ## _a0 с. 608 ## _aJournal article _2local 675 ## _aИскусственный интеллект. 004.8 _z 700 #1 _aDobryshin _gMikhail Mikhailovich 700 #1 _aZhilyaeva _gValeria Alekseevna 856 4# _aintellectualsovereignty.ru _u